| 000 | 00680nam a2200265Ia 4500 | ||
|---|---|---|---|
| 008 | 170711s9999 xx 000 0 und d | ||
| 020 | _a8170947162 | ||
| 050 | _a658.4 | ||
| 050 | _bF231 2005 | ||
| 100 | _aFarleigh, Richard | ||
| 245 | _aTaming the lion : | ||
| 245 | _b100 secret strategies for investing / | ||
| 245 | _cby Richard Farleigh. | ||
| 260 | _aUnited Kingdom : | ||
| 260 | _bVision Books, | ||
| 260 | _c2005 | ||
| 300 | _a232 pages : | ||
| 300 | _billustrations ; | ||
| 300 | _c22cm. | ||
| 500 | _aIncludes index. | ||
| 650 | _aBusiness and economics -- | ||
| 650 | _aInvestments. | ||
| 650 | _xInvestments and securities. | ||
| 700 | _aTitle. | ||
| 999 |
_c339573 _d339573 |
||